[Event "DVM U12 2020"]
[Site "Magdeburg GER"]
[Date "2021.08.06"]
[Round "4"]
[White "Apel, Linus"]
[Black "Schwan, Aaron"]
[Result "0-1"]
[Termination "normal"]
[Board "4.1"]
[WhiteElo "1475"]
[BlackElo "1532"]
[WhiteClock "01:21:50"]
[BlackClock "01:24:04"]
[WhiteTeam "USV Erfurt"]
[BlackTeam "SK Tarrasch 1945 München"]
[PlyCount "58"]
[WhiteFideId "16265785"]
[BlackFideId "34603220"]
[EventCountry "GER"]
[EventRounds "7"]
[EventType "team-swiss"]
[EventDate "2021.08.04"]

1. e4 {[%clk 01:30:57]} {[%emt 00:00:07]} g6 {[%clk 01:30:57]} 2. d4 {[%clk
01:31:12]} {[%emt 00:00:11]} Bg7 {[%clk 01:31:24]} {[%emt 00:00:18]} 3. Nf3
{[%clk 01:31:27]} {[%emt 00:00:15]} c5 {[%clk 01:31:51]} 4. Be3 {[%clk
01:31:38]} {[%emt 00:00:33]} cxd4 {[%clk 01:31:46]} {[%emt 00:00:25]} 5. Nxd4
{[%clk 01:31:52]} {[%emt 00:00:08]} d6 {[%clk 01:31:27]} {[%emt 00:00:41]} 6.
Nc3 {[%clk 01:32:04]} {[%emt 00:00:37]} Nf6 {[%clk 01:31:49]} 7. f3 {[%clk
01:32:11]} {[%emt 00:00:17]} Nc6 {[%clk 01:31:05]} {[%emt 00:03:07]} 8. Qd2
{[%clk 01:32:12]} Bd7 {[%clk 01:30:06]} 9. Be2 {[%clk 01:32:25]} {[%emt
00:03:56]} a6 {[%clk 01:29:36]} 10. h4 {[%clk 01:27:35]} {[%emt 00:02:41]} h5
{[%clk 01:29:13]} {[%emt 00:01:12]} 11. O-O-O {[%clk 01:24:35]} {[%emt
00:03:10]} b5 {[%clk 01:27:11]} {[%emt 00:02:45]} 12. Rdg1 {[%clk 01:24:21]}
{[%emt 00:00:33]} Ne5 {[%clk 01:24:04]} {[%emt 00:04:04]} 13. Nd5 {[%clk
01:21:50]} Nxd5 {[%clk 01:24:04]} 14. exd5 {[%clk 01:21:50]} Qc7 {[%clk
01:24:04]} 15. Re1 {[%clk 01:21:50]} Rc8 {[%clk 01:24:04]} 16. Bd3 {[%clk
01:21:50]} O-O {[%clk 01:24:04]} 17. Be2 {[%clk 01:21:50]} Nc4 {[%clk
01:24:04]} 18. Bxc4 {[%clk 01:21:50]} Qxc4 {[%clk 01:24:04]} 19. Kb1 {[%clk
01:21:50]} Qxd5 {[%clk 01:24:04]} 20. Qd1 {[%clk 01:21:50]} Qc4 {[%clk
01:24:04]} 21. Reg1 {[%clk 01:21:50]} e5 {[%clk 01:24:04]} 22. Nb3 {[%clk
01:21:50]} Bf5 {[%clk 01:24:04]} 23. Nd2 {[%clk 01:21:50]} Bxc2+ {[%clk
01:24:04]} 24. Ka1 {[%clk 01:21:50]} Qb4 {[%clk 01:24:04]} 25. a3 {[%clk
01:21:50]} Qa4 {[%clk 01:24:04]} 26. Qe2 {[%clk 01:21:50]} e4 {[%clk 01:24:04]}
27. Ka2 {[%clk 01:21:50]} b4 {[%clk 01:24:04]} 28. Nc4 {[%clk 01:21:50]} Qb3+
{[%clk 01:24:04]} 29. Ka1 {[%clk 01:21:50]} Rxc4 {[%clk 01:24:04]} 0-1

[Event "DVM U12 2020"]
[Site "Magdeburg GER"]
[Date "2021.08.06"]
[Round "4"]
[White "Rudolph, Alexander"]
[Black "Wagner, Anton"]
[Result "0-1"]
[Termination "normal"]
[Board "4.2"]
[WhiteElo "1352"]
[BlackElo "1406"]
[WhiteClock "01:08:16"]
[BlackClock "00:41:23"]
[WhiteTeam "SK Tarrasch 1945 München"]
[BlackTeam "USV Erfurt"]
[PlyCount "120"]
[WhiteFideId "16275748"]
[BlackFideId "34608095"]
[EventCountry "GER"]
[EventRounds "7"]
[EventType "team-swiss"]
[EventDate "2021.08.04"]

1. e4 {[%clk 01:30:48]} e5 {[%clk 01:30:57]} 2. Nf3 {[%clk 01:30:57]} Nc6
{[%clk 01:31:22]} 3. d4 {[%clk 01:31:20]} exd4 {[%clk 01:31:46]} {[%emt
00:00:04]} 4. Nxd4 {[%clk 01:31:26]} {[%emt 00:00:20]} Bc5 {[%clk 01:31:58]}
{[%emt 00:00:35]} 5. Be3 {[%clk 01:31:10]} {[%emt 00:00:41]} Qf6 {[%clk
01:32:00]} {[%emt 00:00:23]} 6. Nb5 {[%clk 01:31:27]} {[%emt 00:00:34]} Bxe3
{[%clk 01:28:57]} {[%emt 00:03:06]} 7. fxe3 {[%clk 01:30:58]} {[%emt 00:11:35]}
Qe5 {[%clk 01:24:37]} 8. N1c3 {[%clk 01:25:41]} a6 {[%clk 01:21:50]} {[%emt
00:10:11]} 9. Nd4 {[%clk 01:24:35]} Nf6 {[%clk 01:10:08]} {[%emt 00:06:53]} 10.
Nxc6 {[%clk 01:23:08]} {[%emt 00:01:59]} dxc6 {[%clk 01:09:29]} {[%emt
00:01:13]} 11. Qd4 {[%clk 01:23:20]} {[%emt 00:00:21]} Qxd4 {[%clk 01:06:54]}
{[%emt 00:02:54]} 12. exd4 {[%clk 01:23:38]} {[%emt 00:00:15]} O-O {[%clk
01:07:09]} {[%emt 00:00:14]} 13. O-O-O {[%clk 01:23:51]} {[%emt 00:00:16]} Re8
{[%clk 01:07:03]} {[%emt 00:00:50]} 14. Re1 {[%clk 01:19:06]} {[%emt 00:13:26]}
Be6 {[%clk 00:59:07]} 15. Bd3 {[%clk 01:16:11]} {[%emt 00:08:47]} Rad8 {[%clk
00:57:09]} 16. Ne2 {[%clk 01:14:07]} Bg4 {[%clk 00:56:12]} {[%emt 00:01:21]}
17. c3 {[%clk 01:14:12]} {[%emt 00:00:15]} Nxe4 {[%clk 00:54:21]} {[%emt
00:04:02]} 18. Bxe4 {[%clk 01:12:57]} Rxe4 {[%clk 00:51:32]} {[%emt 00:03:26]}
19. Ng3 {[%clk 01:13:21]} {[%emt 00:00:19]} Rxe1+ {[%clk 00:51:07]} {[%emt
00:00:37]} 20. Rxe1 {[%clk 01:13:47]} {[%emt 00:00:32]} Be6 {[%clk 00:50:36]}
{[%emt 00:00:31]} 21. Kc2 {[%clk 01:13:50]} {[%emt 00:00:27]} Bd5 {[%clk
00:45:00]} {[%emt 00:06:17]} 22. Re2 {[%clk 01:11:49]} {[%emt 00:03:29]} Kf8
{[%clk 00:44:20]} 23. b3 {[%clk 01:10:40]} {[%emt 00:01:55]} b5 {[%clk
00:44:16]} {[%emt 00:02:36]} 24. Nf1 {[%clk 01:08:54]} Re8 {[%clk 00:44:24]}
{[%emt 00:00:55]} 25. Rxe8+ {[%clk 01:08:51]} Kxe8 {[%clk 00:44:44]} {[%emt
00:00:36]} 26. Ne3 Be4+ {[%clk 00:45:05]} {[%emt 00:00:06]} 27. Kd2 {[%clk
01:09:15]} {[%emt 00:00:10]} Ke7 {[%clk 00:45:27]} {[%emt 00:00:41]} 28. g3
{[%clk 01:09:21]} h5 {[%clk 00:45:27]} {[%emt 00:00:35]} 29. Nc2 {[%clk
01:08:26]} {[%emt 00:02:24]} Bxc2 {[%clk 00:44:59]} 30. Kxc2 {[%clk 01:08:51]}
Kd6 {[%clk 00:45:24]} 31. Kd3 {[%clk 01:09:14]} {[%emt 00:00:06]} c5 {[%clk
00:45:12]} {[%emt 00:07:03]} 32. b4 {[%clk 01:03:20]} cxb4 {[%clk 00:44:31]}
{[%emt 00:01:13]} 33. cxb4 {[%clk 01:03:32]} {[%emt 00:00:15]} Kd5 {[%clk
00:44:40]} {[%emt 00:00:30]} 34. a3 {[%clk 01:03:55]} {[%emt 00:00:03]} c6
{[%clk 00:44:43]} {[%emt 00:01:09]} 35. h3 {[%clk 01:04:05]} f5 {[%clk
00:45:08]} 36. Ke3 {[%clk 01:03:44]} {[%emt 00:08:49]} Kc4 {[%clk 00:40:26]}
37. Kf4 {[%clk 01:04:04]} Kb3 {[%clk 00:39:33]} 38. Kxf5 {[%clk 01:02:59]} Kxa3
{[%clk 00:39:57]} {[%emt 00:00:11]} 39. g4 {[%clk 01:03:15]} {[%emt 00:00:33]}
hxg4 {[%clk 00:36:02]} {[%emt 00:04:01]} 40. hxg4 {[%clk 01:03:37]} {[%emt
00:01:00]} Kxb4 {[%clk 00:36:28]} 41. g5 {[%clk 01:03:55]} a5 {[%clk 00:36:48]}
42. Kg6 {[%clk 01:04:10]} a4 {[%clk 00:37:12]} 43. Kxg7 {[%clk 01:04:37]} a3
{[%clk 00:37:37]} {[%emt 00:00:06]} 44. Kf7 {[%clk 01:05:04]} {[%emt 00:00:16]}
a2 {[%clk 00:38:02]} 45. g6 {[%clk 01:05:19]} {[%emt 00:00:07]} a1=Q {[%clk
00:38:18]} {[%emt 00:00:33]} 46. g7 {[%clk 01:05:48]} Qa2+ {[%clk 00:38:35]}
47. Kf8 {[%clk 01:06:10]} {[%emt 00:00:10]} Kc3 {[%clk 00:38:46]} {[%emt
00:00:10]} 48. d5 {[%clk 01:06:35]} {[%emt 00:00:05]} Qxd5 {[%clk 00:38:53]}
{[%emt 00:00:45]} 49. g8=Q {[%clk 01:06:30]} {[%emt 00:00:13]} Qxg8+ {[%clk
00:39:04]} {[%emt 00:00:19]} 50. Kxg8 {[%clk 01:06:59]} {[%emt 00:00:18]} b4
{[%clk 00:39:21]} {[%emt 00:00:03]} 51. Kf8 {[%clk 01:07:29]} b3 {[%clk
00:39:41]} {[%emt 00:00:04]} 52. Ke7 {[%emt 00:02:54]} b2 {[%clk 00:39:40]} 53.
Kd6 {[%clk 01:06:28]} b1=Q {[%clk 00:39:53]} 54. Kc5 {[%clk 01:06:41]} {[%emt
00:00:19]} Qf5+ {[%clk 00:40:02]} {[%emt 00:00:13]} 55. Kd6 {[%clk 01:07:03]}
{[%emt 00:00:29]} Kc4 {[%clk 00:40:18]} {[%emt 00:00:26]} 56. Ke7 {[%clk
01:07:25]} Kd5 {[%clk 00:40:10]} {[%emt 00:00:12]} 57. Kd8 {[%clk 01:07:18]}
{[%emt 00:00:54]} Kd6 {[%clk 00:40:32]} 58. Ke8 {[%clk 01:07:31]} {[%emt
00:00:07]} Qd7+ {[%clk 00:40:42]} {[%emt 00:00:32]} 59. Kf8 {[%clk 01:07:54]}
{[%emt 00:02:00]} Ke6 {[%clk 00:41:02]} 60. Kg8 {[%clk 01:08:16]} Kf6 {[%clk
00:41:23]} 0-1

[Event "DVM U12 2020"]
[Site "Magdeburg GER"]
[Date "2021.08.06"]
[Round "4"]
[White "Tran, Anh Duc Kevin"]
[Black "Lipinsky, Pierre"]
[Result "1/2-1/2"]
[Termination "normal"]
[Board "4.3"]
[WhiteElo "1338"]
[BlackElo "1418"]
[WhiteClock "00:14:58"]
[BlackClock "01:19:01"]
[WhiteTeam "USV Erfurt"]
[BlackTeam "SK Tarrasch 1945 München"]
[PlyCount "54"]
[WhiteFideId "34608125"]
[BlackFideId "16206290"]
[EventCountry "GER"]
[EventRounds "7"]
[EventType "team-swiss"]
[EventDate "2021.08.04"]

1. e4 {[%clk 01:30:31]} c6 {[%clk 01:30:58]} 2. Nf3 {[%clk 01:28:37]} d5 {[%clk
01:31:13]} {[%emt 00:00:36]} 3. exd5 {[%clk 01:28:10]} {[%emt 00:00:43]} cxd5
{[%clk 01:31:20]} {[%emt 00:00:15]} 4. d4 {[%clk 01:27:54]} {[%emt 00:00:45]}
Nc6 {[%clk 01:31:28]} {[%emt 00:03:00]} 5. Bf4 {[%clk 01:25:44]} Nf6 {[%clk
01:30:51]} {[%emt 00:01:08]} 6. Bd3 {[%clk 01:20:53]} {[%emt 00:06:32]} Bg4
{[%clk 01:31:11]} 7. Be2 {[%clk 01:20:20]} e6 {[%clk 01:31:35]} {[%emt
00:01:01]} 8. h3 {[%clk 01:19:05]} {[%emt 00:01:01]} Bh5 {[%clk 01:31:55]}
{[%emt 00:00:04]} 9. Bb5 {[%clk 01:18:12]} {[%emt 00:01:32]} Qa5+ {[%clk
01:31:16]} {[%emt 00:04:50]} 10. Nc3 {[%clk 01:14:59]} Bb4 {[%clk 01:30:54]}
{[%emt 00:00:41]} 11. Bxc6+ {[%clk 01:11:23]} {[%emt 00:05:28]} bxc6 {[%clk
01:30:08]} 12. Bd2 {[%clk 01:06:40]} {[%emt 00:05:40]} Ne4 {[%clk 01:28:51]}
{[%emt 00:01:19]} 13. Nxe4 {[%clk 00:56:22]} {[%emt 00:10:42]} dxe4 {[%clk
01:29:09]} {[%emt 00:00:32]} 14. g4 {[%clk 00:51:34]} {[%emt 00:05:31]} Bxg4
{[%clk 01:29:12]} 15. hxg4 {[%clk 00:49:54]} {[%emt 00:02:05]} exf3 {[%clk
01:29:19]} {[%emt 00:00:40]} 16. c3 {[%clk 00:48:08]} {[%emt 00:01:59]} Bd6
{[%clk 01:27:40]} {[%emt 00:02:40]} 17. Qxf3 {[%clk 00:46:24]} {[%emt
00:03:50]} Qd5 {[%clk 01:26:00]} 18. Qxd5 {[%clk 00:43:51]} {[%emt 00:03:38]}
exd5 {[%clk 01:26:05]} 19. O-O-O {[%clk 00:41:01]} {[%emt 00:03:45]} O-O {[%clk
01:26:12]} 20. Rh3 {[%clk 00:35:47]} {[%emt 00:05:33]} f5 {[%clk 01:24:47]}
{[%emt 00:02:02]} 21. g5 {[%clk 00:28:05]} {[%emt 00:10:38]} g6 {[%clk
01:23:18]} 22. f4 {[%clk 00:26:03]} {[%emt 00:02:20]} Rab8 {[%clk 01:22:36]}
{[%emt 00:03:20]} 23. Rdh1 {[%clk 00:24:20]} Rf7 {[%clk 01:21:50]} {[%emt
00:00:59]} 24. Kc2 {[%clk 00:22:22]} {[%emt 00:02:22]} Rb6 {[%clk 01:21:56]}
{[%emt 00:00:51]} 25. Bc1 {[%clk 00:20:24]} {[%emt 00:02:04]} Re7 {[%clk
01:19:28]} {[%emt 00:03:02]} 26. R1h2 {[%clk 00:17:07]} {[%emt 00:04:26]} Ra6
{[%clk 01:19:17]} 27. a3 {[%clk 00:14:58]} {[%emt 00:05:29]} Rb6 {[%clk
01:19:01]} 1/2-1/2

[Event "DVM U12 2020"]
[Site "Magdeburg GER"]
[Date "2021.08.06"]
[Round "4"]
[White "Daugavet, Roman"]
[Black "Heilmann, Ramon"]
[Result "1-0"]
[Termination "normal"]
[Board "4.4"]
[WhiteElo "1182"]
[BlackElo "996"]
[WhiteClock "00:58:20"]
[BlackClock "00:17:51"]
[WhiteTeam "SK Tarrasch 1945 München"]
[BlackTeam "USV Erfurt"]
[PlyCount "133"]
[WhiteFideId "34608338"]
[BlackFideId "34608303"]
[EventCountry "GER"]
[EventRounds "7"]
[EventType "team-swiss"]
[EventDate "2021.08.04"]

1. e4 {[%clk 01:30:58]} e5 {[%clk 01:30:49]} {[%emt 00:00:09]} 2. Bc4 {[%clk
01:31:21]} Nf6 {[%clk 01:30:22]} {[%emt 00:00:53]} 3. d3 {[%clk 01:31:47]}
{[%emt 00:00:04]} h6 {[%clk 01:30:15]} {[%emt 00:00:35]} 4. Nf3 {[%clk
01:32:10]} {[%emt 00:00:08]} Nc6 {[%clk 01:29:11]} {[%emt 00:01:30]} 5. O-O
{[%clk 01:32:27]} {[%emt 00:00:41]} Bc5 {[%clk 01:28:51]} {[%emt 00:00:27]} 6.
Be3 {[%clk 01:32:44]} {[%emt 00:02:30]} Bb6 {[%clk 01:26:59]} 7. Nc3 {[%clk
01:32:57]} {[%emt 00:00:29]} Ng4 {[%clk 01:24:46]} {[%emt 00:02:31]} 8. Bd2
{[%clk 01:32:05]} {[%emt 00:01:25]} d6 {[%clk 01:23:59]} {[%emt 00:01:16]} 9.
h3 {[%clk 01:32:23]} {[%emt 00:00:21]} Nf6 {[%clk 01:22:39]} {[%emt 00:01:41]}
10. Nh2 {[%clk 01:32:03]} {[%emt 00:00:48]} O-O {[%clk 01:22:30]} {[%emt
00:01:07]} 11. Na4 {[%clk 01:31:29]} {[%emt 00:07:25]} Bd7 {[%clk 01:15:02]}
{[%emt 00:01:02]} 12. Nxb6 {[%clk 01:31:14]} {[%emt 00:00:53]} cxb6 {[%clk
01:11:29]} {[%emt 00:05:16]} 13. Kh1 {[%clk 01:30:42]} Be6 {[%clk 01:04:37]}
{[%emt 00:07:10]} 14. Bb3 {[%clk 01:30:44]} {[%emt 00:00:37]} d5 {[%clk
01:02:16]} {[%emt 00:02:44]} 15. f3 {[%clk 01:28:54]} {[%emt 00:02:26]} d4
{[%clk 01:01:50]} {[%emt 00:02:03]} 16. f4 {[%clk 01:28:08]} exf4 {[%clk
00:59:02]} {[%emt 00:03:46]} 17. Bxf4 {[%clk 01:28:07]} {[%emt 00:00:17]} Nd7
{[%clk 00:55:32]} {[%emt 00:03:39]} 18. Qe1 {[%clk 01:25:45]} {[%emt 00:03:01]}
Nc5 {[%clk 00:53:01]} {[%emt 00:05:15]} 19. Qg3 {[%clk 01:22:30]} {[%emt
00:01:51]} Kh7 {[%clk 00:49:56]} {[%emt 00:03:15]} 20. Rf2 {[%clk 01:18:32]}
{[%emt 00:07:34]} Bxb3 {[%clk 00:47:24]} 21. axb3 {[%clk 01:18:24]} {[%emt
00:00:31]} Ne6 {[%clk 00:45:56]} {[%emt 00:05:06]} 22. Bd6 {[%clk 01:17:49]}
Qg5 {[%clk 00:44:46]} 23. Qxg5 {[%clk 01:17:29]} {[%emt 00:00:27]} Nxg5 {[%clk
00:43:45]} {[%emt 00:01:34]} 24. Bxf8 {[%clk 01:17:49]} {[%emt 00:01:00]} Rxf8
{[%clk 00:43:30]} 25. Nf3 {[%clk 01:16:24]} {[%emt 00:08:23]} Nxf3 {[%clk
00:39:24]} 26. Rxf3 {[%clk 01:16:20]} f6 {[%clk 00:38:27]} 27. Rc1 {[%clk
01:15:04]} {[%emt 00:01:47]} Ne5 {[%clk 00:37:46]} {[%emt 00:01:24]} 28. Rg3
{[%clk 01:14:06]} {[%emt 00:01:15]} g5 {[%clk 00:37:25]} {[%emt 00:00:43]} 29.
c3 {[%clk 01:14:01]} {[%emt 00:00:43]} Rc8 {[%clk 00:36:12]} {[%emt 00:02:40]}
30. b4 {[%clk 01:13:01]} {[%emt 00:04:05]} h5 {[%clk 00:35:23]} 31. h4 {[%clk
01:12:59]} g4 {[%clk 00:35:27]} 32. c4 {[%clk 01:12:17]} b5 {[%clk 00:34:08]}
{[%emt 00:01:43]} 33. b3 {[%clk 01:12:14]} {[%emt 00:00:39]} Kg6 {[%clk
00:31:00]} {[%emt 00:04:08]} 34. Rf1 {[%clk 01:11:14]} {[%emt 00:00:56]} Kf7
{[%clk 00:29:33]} {[%emt 00:01:51]} 35. Kh2 {[%clk 01:06:25]} {[%emt 00:19:11]}
a6 {[%clk 00:26:26]} 36. Ra1 {[%clk 00:59:50]} Rc6 {[%clk 00:25:14]} 37. Ra5
{[%clk 00:59:19]} Kg6 {[%clk 00:23:13]} {[%emt 00:02:04]} 38. cxb5 {[%clk
00:59:01]} {[%emt 00:00:55]} Rc2 {[%clk 00:23:19]} {[%emt 00:01:41]} 39. Kg1
{[%clk 00:58:14]} Rc1+ {[%clk 00:23:13]} {[%emt 00:00:34]} 40. Kf2 {[%clk
00:58:24]} {[%emt 00:01:49]} Rc2+ {[%clk 00:22:54]} 41. Ke1 {[%clk 00:58:17]}
Rc3 {[%clk 00:21:36]} {[%emt 00:01:46]} 42. bxa6 {[%clk 00:58:02]} {[%emt
00:05:44]} Nxd3+ {[%clk 00:21:32]} 43. Kd2 {[%clk 00:57:43]} Nf2 {[%clk
00:19:32]} 44. Rxc3 {[%clk 00:57:32]} dxc3+ {[%clk 00:19:38]} {[%emt 00:00:04]}
45. Kxc3 {[%clk 00:57:55]} {[%emt 00:00:24]} Nxe4+ {[%clk 00:19:46]} {[%emt
00:00:32]} 46. Kd4 {[%clk 00:58:10]} {[%emt 00:14:00]} Nd6 {[%clk 00:19:55]}
47. a7 {[%clk 00:58:08]} Nf5+ {[%clk 00:19:16]} 48. Rxf5 {[%clk 00:58:01]} Kxf5
{[%clk 00:19:39]} 49. a8=Q {[%clk 00:57:17]} Kf4 {[%clk 00:19:51]} {[%emt
00:00:04]} 50. Qxb7 {[%clk 00:57:05]} Kg3 {[%clk 00:19:26]} 51. Qf7 {[%clk
00:56:43]} Kxh4 {[%clk 00:19:14]} 52. Qxf6 {[%clk 00:56:55]} Kg3 {[%clk
00:19:32]} 53. Qg5 {[%clk 00:57:10]} Kxg2 {[%clk 00:19:31]} {[%emt 00:00:58]}
54. Qxh5 {[%clk 00:57:27]} g3 {[%clk 00:19:18]} 55. Qg4 {[%clk 00:57:48]} Kh1
{[%clk 00:19:05]} 56. b5 {[%clk 00:57:57]} g2 {[%clk 00:19:20]} 57. b6 {[%clk
00:58:09]} g1=Q+ 58. Qxg1+ Kxg1 {[%clk 00:18:35]} 59. b7 {[%clk 00:58:30]} Kh2
{[%clk 00:18:23]} 60. b8=Q+ Kg2 61. Qf4 {[%clk 00:58:06]} Kg1 {[%clk 00:18:09]}
62. b4 {[%clk 00:58:18]} {[%emt 00:00:15]} Kg2 {[%clk 00:18:11]} {[%emt
00:00:27]} 63. b5 {[%clk 00:58:40]} {[%emt 00:00:06]} Kh1 {[%clk 00:17:49]}
{[%emt 00:00:50]} 64. b6 {[%clk 00:59:02]} {[%emt 00:00:35]} Kg2 {[%clk
00:17:44]} {[%emt 00:00:09]} 65. b7 {[%clk 00:59:05]} {[%emt 00:00:31]} Kh3
{[%clk 00:17:51]} {[%emt 00:00:20]} 66. b8=Q {[%emt 00:00:32]} Kg2 {[%emt
00:00:12]} 67. Qg8+ {[%clk 00:58:20]} {[%emt 00:00:30]} 1-0

[Event "DVM U12 2020"]
[Site "Magdeburg GER"]
[Date "2021.08.06"]
[Round "4"]
[White "Schreiber, Benedikt"]
[Black "Wunderlich, Elias"]
[Result "1-0"]
[Termination "normal"]
[Board "5.1"]
[WhiteElo "1248"]
[BlackElo "1602"]
[WhiteClock "01:22:25"]
[BlackClock "00:59:30"]
[WhiteTeam "Tischtennisclub Grün-Weiß Fritzdorf 1958 e. V."]
[BlackTeam "SC Garching 1980 e.V."]
[PlyCount "117"]
[WhiteFideId "16258533"]
[BlackFideId "34608087"]
[EventCountry "GER"]
[EventRounds "7"]
[EventType "team-swiss"]
[EventDate "2021.08.04"]

1. e4 {[%clk 01:30:54]} e6 {[%clk 01:30:57]} 2. d4 {[%clk 01:31:15]} d5 {[%clk
01:31:24]} 3. exd5 {[%clk 01:31:41]} exd5 {[%clk 01:31:51]} {[%emt 00:00:05]}
4. Nf3 {[%clk 01:31:35]} Nf6 {[%clk 01:32:09]} 5. c4 {[%clk 01:31:41]} c6
{[%clk 01:32:37]} 6. Nc3 {[%clk 01:31:52]} Be7 {[%clk 01:32:27]} {[%emt
00:00:09]} 7. cxd5 {[%clk 01:31:44]} cxd5 {[%clk 01:32:50]} 8. Bd3 {[%clk
01:32:07]} Nc6 {[%clk 01:33:06]} 9. Bg5 {[%clk 01:32:05]} {[%emt 00:00:05]} O-O
{[%clk 01:33:32]} 10. O-O {[%clk 01:32:28]} Bg4 {[%clk 01:33:50]} 11. Bxf6
{[%clk 01:32:38]} Bxf6 {[%clk 01:34:10]} {[%emt 00:00:05]} 12. Be2 {[%clk
01:32:13]} Re8 {[%clk 01:34:01]} 13. Qb3 {[%clk 01:31:38]} Na5 {[%clk
01:31:53]} 14. Qb5 {[%clk 01:31:05]} {[%emt 00:00:13]} a6 {[%clk 01:31:45]}
{[%emt 00:00:42]} 15. Qd3 {[%clk 01:30:19]} {[%emt 00:01:21]} Nc6 {[%clk
01:31:07]} {[%emt 00:01:07]} 16. Rfe1 {[%clk 01:30:17]} {[%emt 00:00:57]} b5
{[%clk 01:30:00]} {[%emt 00:01:08]} 17. Bd1 {[%clk 01:28:49]} {[%emt 00:06:55]}
Qd7 {[%clk 01:29:27]} 18. Bc2 {[%clk 01:28:55]} g6 {[%clk 01:29:32]} 19. Bb3
{[%clk 01:28:57]} Be6 {[%clk 01:26:56]} {[%emt 00:55:28]} 20. Ne5 {[%clk
01:28:33]} Qd6 {[%clk 01:26:30]} 21. f4 {[%clk 01:28:09]} Rf8 {[%clk 01:24:45]}
22. Rad1 {[%clk 01:27:34]} Bd8 {[%clk 01:25:09]} {[%emt 00:00:05]} 23. Qf3
{[%clk 01:27:34]} Nxd4 {[%clk 01:22:35]} 24. Rxd4 {[%clk 01:26:24]} Bb6 {[%clk
01:22:58]} 25. Red1 {[%clk 01:26:38]} {[%emt 00:00:09]} Bxd4+ {[%clk 01:22:09]}
26. Rxd4 {[%clk 01:27:01]} Qc5 {[%clk 01:22:05]} 27. Qf2 {[%clk 01:26:41]} Rfd8
{[%clk 01:21:23]} 28. f5 {[%clk 01:25:44]} {[%emt 00:00:05]} gxf5 {[%clk
01:10:21]} 29. Rg4+ {[%clk 01:25:40]} fxg4 {[%clk 01:10:27]} 30. Qxc5 {[%clk
01:26:03]} d4 {[%clk 01:04:39]} {[%emt 00:00:09]} 31. Bxe6 {[%clk 01:25:29]}
fxe6 {[%clk 01:03:43]} 32. Ne4 {[%clk 01:25:17]} Rf8 {[%clk 01:03:01]} 33. Nd7
{[%clk 01:24:26]} Rf5 {[%clk 01:01:02]} {[%emt 00:00:04]} 34. Nef6+ {[%clk
01:24:14]} Kf7 {[%clk 01:00:29]} 35. Qxd4 {[%clk 01:24:07]} Rc8 {[%clk
01:00:20]} 36. Qe3 {[%clk 01:22:50]} Rc4 {[%clk 00:57:34]} {[%emt 00:00:05]}
37. Ne5+ {[%clk 01:20:54]} Kxf6 {[%clk 00:58:03]} 38. Nxc4 {[%clk 01:21:15]}
bxc4 {[%clk 00:58:21]} 39. Qd4+ {[%clk 01:21:30]} {[%emt 00:02:41]} e5 {[%clk
00:58:21]} 40. Qxc4 {[%clk 01:21:42]} Rf4 {[%clk 00:58:43]} 41. Qxa6+ {[%clk
01:22:00]} Kf5 {[%clk 00:59:07]} 42. Qd3+ {[%clk 01:22:01]} {[%emt 00:00:05]}
Ke6 {[%clk 00:59:10]} 43. Qxh7 {[%clk 01:22:08]} e4 {[%clk 00:59:12]} {[%emt
00:00:19]} 44. Qh6+ {[%clk 01:22:25]} {[%emt 00:00:05]} Ke5 {[%clk 00:59:30]}
{[%emt 00:00:18]} 45. Qxf4+ Kxf4 {[%clk 00:59:30]} 46. Kf2 e3+ {[%clk
00:59:30]} 47. Ke2 Ke4 {[%clk 00:59:30]} 48. b4 Kd4 {[%clk 00:59:30]} 49. b5
Kc5 {[%clk 00:59:30]} 50. a4 g3 {[%clk 00:59:30]} 51. h4 Kb6 {[%clk 00:59:30]}
52. h5 Kc5 {[%clk 00:59:30]} 53. h6 Kb4 {[%clk 00:59:30]} 54. h7 Kxa4 {[%clk
00:59:30]} 55. h8=Q Kxb5 {[%clk 00:59:30]} 56. Kxe3 Kc4 {[%clk 00:59:30]} 57.
Qd4+ Kb5 {[%clk 00:59:30]} 58. Qc3 Kb6 {[%clk 00:59:30]} 59. Kd4 1-0